Nebulous Bot Names - Statistics

General Stats
  • This quiz has been taken 101 times
  • The average score is 16 of 31
Answer Stats
Names % Correct
Vector
88%
Matrix
76%
Cathode
67%
Silicon
64%
Xan
62%
Corona
59%
Nebula
57%
Zeta
57%
Divisor
55%
Enigma
55%
Milky Way
55%
Tensor
55%
Andromeda
53%
Cephus
53%
Gamma
53%
Ara
52%
Botty
52%
Canis
52%
Boto
50%
Botman
48%
Quasar
48%
Tau
48%
Botus
45%
Botly
43%
Coma
43%
Function
43%
Aquarius
41%
Botster
41%
Botz
41%
Pulsar
41%
Crater
40%
No matching quizzes found
Score Distribution
Percent of People with Each Score
Percentile by Number Answered
Your Score History
You have not taken this quiz